CONTRADICTIONS OF SOCIALIST CONSTRUCTION /

Guardat en:
Dades bibliogràfiques
Altres autors: Dixon, Marlene (edición) (edición)
Format: Llibre
Matèries:
Etiquetes: Afegir etiqueta
Sense etiquetes, Sigues el primer a etiquetar aquest registre!

MARC

LEADER 00000nam^a2200000^a^4500
001 000241054
005 20250521000000.0
009 20260310105200.177
035 |a 062736 
037 |a Acervo Xavier Clavigero 
082 |a 335. 43  |b CON 
245 1 0 |a CONTRADICTIONS OF SOCIALIST CONSTRUCTION /  |c ED. MARLENE DIXON, SUSANNE JONAS 
264 |a SAN FRANCISCO, CALIFORNIA :  |b SYNTHESIS,  |c 1979 
300 |a 56 p. 
336 |a texto  |b txt  |2 rdacontenido 
337 |a sin mediación  |b n  |2 rdamedio 
338 |a volumen  |b nc  |2 rdasoporte 
649 |a XX 
650 |a Comunismo 
650 |a SOCIALISMO EN E.U.A. 
700 |a Dixon, Marlene  |e (edición) 
910 |a Fondo General 
920 |a Impresos - Libros 
930 |a Colección General 
905 |a 101 
901 |a 062736  |b IT1  |c ACC  |i 062736  |u 20250521 
902 |a https://opac.biblio.iteso.mx/vufind/Record/000241054